<?xml version="1.0" encoding="UTF-8"?>
<collection xmlns="http://www.loc.gov/MARC21/slim">
 <record>
  <leader>07661nam a2200481 a 4500</leader>
  <controlfield tag="001">kal5859</controlfield>
  <controlfield tag="003">Gr-AtHEAL</controlfield>
  <controlfield tag="005">20160422090446.0</controlfield>
  <controlfield tag="006">m        d        </controlfield>
  <controlfield tag="008">160413s2015    gr      s           gre|c</controlfield>
  <datafield tag="020" ind1=" " ind2=" ">
   <subfield code="a">9789606030772</subfield>
  </datafield>
  <datafield tag="040" ind1=" " ind2=" ">
   <subfield code="a">GR-AtHEAL</subfield>
   <subfield code="b">gre</subfield>
   <subfield code="c">GR-AtHEAL</subfield>
  </datafield>
  <datafield tag="082" ind1="0" ind2="4">
   <subfield code="a">338.9</subfield>
   <subfield code="2">23</subfield>
  </datafield>
  <datafield tag="100" ind1="1" ind2=" ">
   <subfield code="a">Πεσμαζόγλου, Βασίλειος.</subfield>
   <subfield code="8">1415</subfield>
  </datafield>
  <datafield tag="245" ind1="1" ind2="0">
   <subfield code="a">Πολιτική οικονομία της ανάπτυξης</subfield>
   <subfield code="h">[Ηλεκτρονικός πόρος] </subfield>
   <subfield code="b">Πρίσματα θέασης της οικονομικής ανάπτυξης</subfield>
   <subfield code="c">Πεσμαζόγλου, Βασίλειος ; Κριτικός αναγνώστης,Παπαδημητρίου, Πύρρος ; Γραφιστική και Τεχνική επιμέλεια,Σιδέρη, Αγγελική Βασιλική ; Γλωσσική επιμέλεια,Τουλάτου, Δήμητρα.</subfield>
  </datafield>
  <datafield tag="260" ind1=" " ind2=" ">
   <subfield code="a">Αθήνα :</subfield>
   <subfield code="b">Σύνδεσμος Ελληνικών Ακαδημαϊκών Βιβλιοθηκών,</subfield>
   <subfield code="c">c2015.</subfield>
  </datafield>
  <datafield tag="490" ind1=" " ind2=" ">
   <subfield code="a">Ακαδημαϊκά Ηλεκτρονικά Συγγράμματα και Βοηθήματα Κάλλιπος</subfield>
   <subfield code="8">40</subfield>
  </datafield>
  <datafield tag="520" ind1=" " ind2=" ">
   <subfield code="a">Το βιβλίο αποτελεί επισκόπηση βσικών ζητημάτων της πολιτικής οικονομίας της ανάπτυξης: εννοιολογικών και θεωρητικών θεμάτων, αλλά και επίκαιρων προβλημάτων. Μετά από μία παρουσίαση της ιστορικότητας του αντικειμένου &quot;ανάπτυξη&quot; και και της διάκρισης με τη &quot;μεγέθυνση&quot;, εξετάζονται: το κατά κεφαλήν ΑΕΠ ως δείκτης ανάπτυξης, εναλλακτικοί τρόποι αποτύπωσης του βαθμού ανάπτυξης, και η συνακόλουθη κατάταξη χωρών. Μετά αναλύεται το ζήτημα της ανισότητας και της μέτρησής της, με ειδική αναφορά στη διάκριση ανάμεσα σε ανισότητα μεταξύ χωρών και στο εσωτερικό των χωρών. Συναφές είναι και το θέμα της απόλυτης και σχετικής φτώχειας. Στη συνέχεια εξετάζονται έννοιες/οικονομολογικά εργαλεία χρήσιμα για τη μελέτη της ανάπτυξης, όπως η καμπύλη παραγωγικών δυνατοτήτων, οι επενδύσεις και η συνάρτηση παραγωγής. Δύο ενότητες αφιερώνονται σε ζητήματα πληθυσμιακά: στη δημογραφία, στη σκέψη του Μάλθους και των επιγόνων του, καθώς και στα υποδείγματα μετανάστευσης από την ύπαιθρο στην πόλη. Ξεχωριστό κεφάλαιο αφιερώνονταο στις σχέσεις Βορρά-Νότου και τις εναλλακτικές εμπορικές στρατηγικές ανάπτυξης- εξωστρεφούς ή υποκατάστασης εισαγωγών: παρουσιάζεται η διαχρονική διαμάχη ανάμεσα στη φιλελεύθερη σχολή που αντλεί από τον Ρικάρντο και στον προστατευτισμό, οι όροι εμπορίου αλλά και τα είδη αναπτυξιακής βοήθειας. Η σχέση ανάπτυξης και περιβάλλοντος αναλύεται με άξονα την περιβαλλοντική καμπύλη Κούζνετς, το περιβαλλοντικό ντάμπινγκ, τη Συμφωνία του Κιότο. Εξετάζεται μετά ο ρόλος της τεχνολογίας ως κινούσας δύναμης της οικονομίας, οι μορφές τεχνολογικής αλλαγής, η έννοια της δημιουργικής καταστροφής, ζητήματα μεταφοράς τεχνολογίας από πλούσιες σε φτωχές χώρες. Τέλος, γίνεται εκτενής αναφορά στην παρούσα κατάσταση των πραγμάτων, την εποχή της παγκοσμιοποίησης. Παιδαγωγική προσέγγιση:παρουσίαση με τρόπο απλό, αλλά όχι απλουστευτικό, με ελάχιστα μαθηματικά, και με στοιχεία διεπιστημονικότητας. Κείμενο κατανοητό από φοιτητές ποικίλων Πανεπιστημιακών τμημάτων, που να κεντρίζει τη σκέψη τους.</subfield>
  </datafield>
  <datafield tag="650" ind1=" " ind2="0">
   <subfield code="a">Economic development. </subfield>
   <subfield code="8">2187</subfield>
  </datafield>
  <datafield tag="653" ind1=" " ind2=" ">
   <subfield code="a">Τεχνολογία Περιβάλλον</subfield>
  </datafield>
  <datafield tag="653" ind1=" " ind2=" ">
   <subfield code="a">Μετανάστευση</subfield>
  </datafield>
  <datafield tag="653" ind1=" " ind2=" ">
   <subfield code="a">Ανισότητα</subfield>
  </datafield>
  <datafield tag="653" ind1=" " ind2=" ">
   <subfield code="a">Δημογραφία</subfield>
  </datafield>
  <datafield tag="653" ind1=" " ind2=" ">
   <subfield code="a">Οικονομία</subfield>
  </datafield>
  <datafield tag="653" ind1=" " ind2=" ">
   <subfield code="a">Ανάπτυξη</subfield>
  </datafield>
  <datafield tag="653" ind1=" " ind2=" ">
   <subfield code="a">Γεωργία</subfield>
  </datafield>
  <datafield tag="653" ind1=" " ind2=" ">
   <subfield code="a">Οικονομικές επιστήμες</subfield>
   <subfield code="a">Αγροτική οικονομική και οικονομική φυσικών πόρων, περιβαλλοντική και οικολογική οικονομική</subfield>
   <subfield code="a">Οικονομική του περιβάλλοντος</subfield>
  </datafield>
  <datafield tag="653" ind1=" " ind2=" ">
   <subfield code="a">Οικονομικές επιστήμες</subfield>
   <subfield code="a">Οικονομικά συστήματα</subfield>
   <subfield code="a">Καπιταλιστικά συστήματα</subfield>
  </datafield>
  <datafield tag="653" ind1=" " ind2=" ">
   <subfield code="a">Οικονομικές επιστήμες</subfield>
   <subfield code="a">Οικονομική ανάπτυξη, τεχνολογική αλλαγή, και ανάπτυξη</subfield>
   <subfield code="a">Τεχνολογική αλλαγή, έρευνα και ανάπτυξη, δικαιώματα πνευματικής ιδιοκτησίας</subfield>
  </datafield>
  <datafield tag="653" ind1=" " ind2=" ">
   <subfield code="a">Οικονομικές επιστήμες</subfield>
   <subfield code="a">Οικονομική ιστορία</subfield>
   <subfield code="a">Μακροοικονομική και νομισματική οικονομική, βιομηχανική διάρθρωση, ανάπτυξη, διακυμάνσεις</subfield>
  </datafield>
  <datafield tag="653" ind1=" " ind2=" ">
   <subfield code="a">Οικονομικές επιστήμες</subfield>
   <subfield code="a">Διεθνής Οικονομική</subfield>
   <subfield code="a">Παγκοσμιοποίηση</subfield>
  </datafield>
  <datafield tag="653" ind1=" " ind2=" ">
   <subfield code="a">Οικονομικές επιστήμες</subfield>
   <subfield code="a">Διεθνής Οικονομική</subfield>
   <subfield code="a">Εμπόριο</subfield>
  </datafield>
  <datafield tag="653" ind1=" " ind2=" ">
   <subfield code="a">Οικονομικές επιστήμες</subfield>
   <subfield code="a">Ιστορία της οικονομικής σκέψεις, μεθοδολογία, και ετερόδοξες προσεγγίσεις</subfield>
   <subfield code="a">Ιστορία της οικονομικής σκέψεις έως το 1925</subfield>
  </datafield>
  <datafield tag="653" ind1=" " ind2=" ">
   <subfield code="a">Δημογραφία</subfield>
   <subfield code="a">Μέγεθος πληθυσμού και δημογραφική εξέλιξη</subfield>
  </datafield>
  <datafield tag="653" ind1=" " ind2=" ">
   <subfield code="a">Δημογραφία</subfield>
   <subfield code="a">Ιστορική δημογραφία</subfield>
  </datafield>
  <datafield tag="653" ind1=" " ind2=" ">
   <subfield code="a">Δημογραφία</subfield>
   <subfield code="a">Θνησιμότητα και γονιμότητα</subfield>
  </datafield>
  <datafield tag="653" ind1=" " ind2=" ">
   <subfield code="a">Οικονομικές επιστήμες</subfield>
   <subfield code="a">Οικονομική ανάπτυξη, τεχνολογική αλλαγή, και ανάπτυξη</subfield>
   <subfield code="a">Οικονομική ανάπτυξη</subfield>
  </datafield>
  <datafield tag="700" ind1="1" ind2=" ">
   <subfield code="a">Παπαδημητρίου, Πύρρος</subfield>
   <subfield code="e">Κριτικός αναγνώστης</subfield>
   <subfield code="8">1418</subfield>
  </datafield>
  <datafield tag="856" ind1="4" ind2="0">
   <subfield code="u">http://hdl.handle.net/11419/5859</subfield>
   <subfield code="z">Πλήρες Κείμενο - Full text</subfield>
  </datafield>
  <datafield tag="907" ind1=" " ind2=" ">
   <subfield code="a">.b25681424</subfield>
   <subfield code="b">12-06-18</subfield>
   <subfield code="c">29-07-16</subfield>
  </datafield>
  <datafield tag="949" ind1=" " ind2=" ">
   <subfield code="0">0</subfield>
   <subfield code="1">0</subfield>
   <subfield code="2">ddc</subfield>
   <subfield code="4">0</subfield>
   <subfield code="6">338_900000000000000_ΠΕΣ</subfield>
   <subfield code="7">0</subfield>
   <subfield code="8">KALL</subfield>
   <subfield code="8">901</subfield>
   <subfield code="d">2016-04-13</subfield>
   <subfield code="r">2016-04-13</subfield>
   <subfield code="w">2016-04-13</subfield>
   <subfield code="z">338.9 ΠΕΣ</subfield>
   <subfield code="o">SEAB KALLIPOS</subfield>
  </datafield>
  <datafield tag="998" ind1=" " ind2=" ">
   <subfield code="a">80</subfield>
   <subfield code="a">01</subfield>
   <subfield code="a">02</subfield>
   <subfield code="a">03</subfield>
   <subfield code="a">04</subfield>
   <subfield code="a">05</subfield>
   <subfield code="a">06</subfield>
   <subfield code="a">07</subfield>
   <subfield code="a">08</subfield>
   <subfield code="a">09</subfield>
   <subfield code="a">10</subfield>
   <subfield code="a">11</subfield>
   <subfield code="a">12</subfield>
   <subfield code="a">13</subfield>
   <subfield code="a">14</subfield>
   <subfield code="a">15</subfield>
   <subfield code="a">16</subfield>
   <subfield code="a">17</subfield>
   <subfield code="a">18</subfield>
   <subfield code="a">19</subfield>
   <subfield code="a">20</subfield>
   <subfield code="a">21</subfield>
   <subfield code="a">22</subfield>
   <subfield code="a">23</subfield>
   <subfield code="a">24</subfield>
   <subfield code="a">25</subfield>
   <subfield code="a">26</subfield>
   <subfield code="b">29-05-17</subfield>
   <subfield code="c">m</subfield>
   <subfield code="d">z  </subfield>
   <subfield code="e">-</subfield>
   <subfield code="f">gre</subfield>
   <subfield code="g">gr </subfield>
   <subfield code="h">0</subfield>
  </datafield>
  <datafield tag="942" ind1=" " ind2=" ">
   <subfield code="2">ddc</subfield>
   <subfield code="c">KALLIPOS</subfield>
  </datafield>
 </record>
</collection>
